01533nam a2200253 a 450000100100000000500170001000800410002704000250006808200200009310000380011324500550015126000380020630000270024459000280027165000280029965000310032791000390035895201330039795201910053095201970072195202110091895201330112999900170126200002806020240412074253.0110406s1981 dr a 000 p spa d aDO-SdBNPbspacBNPHU aRD861.44bV635v1 aVicioso, Sherezada,d1948-91950410aViaje desde el agua /cSherezada Vicioso (Chiqui). aSanto Domingo :bVisuarte,c1981. a70 p. :bil. ;c21 cm. aInventariado, 2019 / DG 0aPoesía dominicana966 0aLiteratura dominicana.967 aValidado. Control de calidad BNPHU 001054708DSaGRbGRcHDd2015-07-28iLF1l0oRD861.44 V635vp28060-40r2020-06-25te. 4w2020-06-25yLFDSZPréstamo en sala 0010718PDaPDbPDcHDd2011-04-06iLF1l0oRD861.44 V635vp28060-10r2020-06-25w2020-06-25yLFPDzPerteneció a la biblioteca personal de Juan Isidro Jimenez Grullón.ZNo se presta 0010718PDaPDbPDcHDd2013-07-02iLF1l0oRD861.44 V635vp28060-20r2020-06-25te. 2w2020-06-25yLFPDzPerteneció a la biblioteca personal de Juan Isidro Jimenez Grullón.ZNo se presta 001054708DSaPDbPDcHDd2015-07-17iLF1l0oRD861.44 V635vp28060-30r2020-06-25te. 3w2020-06-25yLFDSzPerteneció a la biblioteca personal de Chiqui Vicioso / Fidelio Despradel.ZPréstamo en sala 001054708DSaPDbPDcHDd2015-08-07iLF1l0oRD861.44 V635vp28060-50r2020-06-25te. 5w2020-06-25yLFDSZPréstamo en sala c27552d27552